Chemical evolution of the giant planets (Record no. 5444)

MARC details
000 -LEADER
fixed length control field 00642nam a2200205Ia 4500
003 - CONTROL NUMBER IDENTIFIER
control field IN-BaIIA
008 - FIXED-LENGTH DATA ELEMENTS--GENERAL INFORMATION
fixed length control field 211028s9999 xx 000 0 eng d
020 ## - INTERNATIONAL STANDARD BOOK NUMBER
International Standard Book Number 0-12-561350-4
040 ## - CATALOGING SOURCE
Transcribing agency IIA Library
080 ## - UNIVERSAL DECIMAL CLASSIFICATION NUMBER
Universal Decimal Classification number 523.4-52
Item number CHE
245 #0 - TITLE STATEMENT
Title Chemical evolution of the giant planets
Statement of responsibility, etc. edited by Cyril Ponnamperuma
260 ## - PUBLICATION, DISTRIBUTION, ETC.
Place of publication, distribution, etc. New York,
Name of publisher, distributor, etc. Academic Press
Date of publication, distribution, etc. 1976
300 ## - PHYSICAL DESCRIPTION
Extent xi, 240p.
650 ## - SUBJECT ADDED ENTRY--TOPICAL TERM
Topical term or geographic name entry element Astronomy and astrophysics thesaurus
650 ## - SUBJECT ADDED ENTRY--TOPICAL TERM
Topical term or geographic name entry element Cosmochemistry
9 (RLIN) 1212
650 ## - SUBJECT ADDED ENTRY--TOPICAL TERM
Topical term or geographic name entry element Extraterrestrial life
9 (RLIN) 4250
650 ## - SUBJECT ADDED ENTRY--TOPICAL TERM
Topical term or geographic name entry element Planets
9 (RLIN) 971
700 ## - ADDED ENTRY--PERSONAL NAME
Personal name Ponnamperuma, Cyril., ed.
9 (RLIN) 9461
942 ## - ADDED ENTRY ELEMENTS (KOHA)
Koha item type Books
Holdings
Withdrawn status Lost status Damaged status Not for loan Home library Current library Shelving location Date acquired Total Checkouts Full call number Barcode Date last seen Price effective from Koha item type
        IIA Library-Bangalore IIA Library-Bangalore General Stacks 25/04/1977   523.4-52/ CHE 6085 05/11/2021 25/04/1977 Books

Powered by Koha